[Event "23rd EUR-ch"]
[Site "Vrnjacka Banja SRB"]
[Date "2023.03.08"]
[Round "6.142"]
[White "Vetokhin, Savva"]
[Black "Dimitrijevic, Dusan"]
[Result "1-0"]
[WhiteElo "2388"]
[BlackElo "2105"]
[EventDate "2023.03.03"]
[PlyCount "39"]

1.d4 d5 2.c4 c6 3.Nc3 Nf6 4.e3 e6 5.Nf3 Nbd7 6.Be2 dxc4 7.a4 Bb4 8.O-O O-O
9.Bxc4 Qa5 10.Qb3 Nd5 11.Bd2 N7f6 12.Bd3 b6 13.e4 Ne7 14.Ne5 Ba6 15.Bxa6 
Bxc3 16.Qxc3 Qxa6 17.f3 Rac8 18.Bg5 Nfd5 19.exd5 Nxd5 20.Qd3 1-0

[Event "23rd EUR-ch"]
[Site "Vrnjacka Banja SRB"]
[Date "2023.03.08"]
[Round "6.143"]
[White "Makridis, Dimitrios"]
[Black "Efremov, Vladislav"]
[Result "1-0"]
[WhiteElo "2387"]
[BlackElo "2120"]
[EventDate "2023.03.03"]
[PlyCount "51"]

1.e4 e5 2.Nf3 Nc6 3.d4 exd4 4.Nxd4 Bc5 5.Nb3 Bb6 6.Nc3 Nf6 7.Qe2 O-O 8.Bg5
h6 9.Bh4 a5 10.a4 Nd4 11.Qd3 Nxb3 12.cxb3 c6 13.Be2 Re8 14.f4 d5 15.e5 g5 
16.fxg5 Nh7 17.Rf1 Rxe5 18.Rxf7 Nf8 19.Qg3 Re3 20.Rg7+ Kh8 21.gxh6 Rxg3 
22.Bxd8 Bxd8 23.hxg3 Bf6 24.Rf7 Nd7 25.Bg4 Kg8 26.Rxd7 1-0

[Event "23rd EUR-ch"]
[Site "Vrnjacka Banja SRB"]
[Date "2023.03.08"]
[Round "6.144"]
[White "Bethke, Richard"]
[Black "Tregubenko, Nikolai"]
[Result "0-1"]
[WhiteElo "2383"]
[BlackElo "2022"]
[EventDate "2023.03.03"]
[PlyCount "60"]

1.e4 c5 2.Ne2 d6 3.g3 g6 4.Bg2 Bg7 5.c3 Nc6 6.d4 cxd4 7.cxd4 e6 8.Nbc3 
Nge7 9.O-O O-O 10.Bg5 h6 11.Be3 d5 12.exd5 exd5 13.Nf4 Be6 14.Re1 g5 15.
Nxe6 fxe6 16.Na4 b6 17.Rc1 Rc8 18.Qg4 Nf5 19.h4 gxh4 20.Bxh6 hxg3 21.Rxe6 
gxf2+ 22.Kh2 Qh4+ 23.Qxh4 Nxh4 24.Bxd5 Nb4 25.Re8+ Kh7 26.Rexc8 Rxc8 27.
Bg2 Re8 28.Bg5 Nxg2 29.Kxg2 Re1 30.Kxf2 Nd3+ 0-1

[Event "23rd EUR-ch"]
[Site "Vrnjacka Banja SRB"]
[Date "2023.03.08"]
[Round "6.145"]
[White "Bjelanovic, Mile"]
[Black "Arsovic, Goran"]
[Result "0-1"]
[WhiteElo "2017"]
[BlackElo "2379"]
[EventDate "2023.03.03"]
[PlyCount "64"]

1.e4 c5 2.Nf3 e6 3.d3 Nc6 4.g3 Nge7 5.Bg2 g6 6.O-O Bg7 7.Qe2 O-O 8.c3 d6 
9.Rd1 e5 10.Na3 d5 11.exd5 Nxd5 12.Nc4 h6 13.a4 Re8 14.Qc2 b6 15.Ne3 Be6 
16.Nxd5 Bxd5 17.Nh4 Bxg2 18.Nxg2 Qd7 19.Be3 Qd5 20.Re1 Rad8 21.Rad1 Re7 
22.Rd2 Red7 23.Red1 Rd6 24.f4 exf4 25.Bxf4 Re6 26.Ne3 Qh5 27.Nc4 Rde8 28.
Rf1 g5 29.Bd6 Re2 30.Rf2 Re1+ 31.Rf1 Rxf1+ 32.Kxf1 Qf3+ 0-1

[Event "23rd EUR-ch"]
[Site "Vrnjacka Banja SRB"]
[Date "2023.03.08"]
[Round "6.146"]
[White "Nemec, Jachym"]
[Black "Biyiksiz, Ali Batuhan"]
[Result "1-0"]
[WhiteElo "2371"]
[BlackElo "1994"]
[EventDate "2023.03.03"]
[PlyCount "65"]

1.d4 Nf6 2.c4 e6 3.g3 d5 4.Bg2 Be7 5.Nf3 O-O 6.O-O b6 7.cxd5 exd5 8.Nc3 
Bb7 9.Bf4 a6 10.Qb3 Nc6 11.Rad1 Na5 12.Qc2 c5 13.Rfe1 c4 14.Ne5 b5 15.e4 
dxe4 16.d5 b4 17.Nc6 Bxc6 18.dxc6 Qb6 19.Nxe4 b3 20.axb3 cxb3 21.Qc1 Nxe4 
22.Bxe4 Bc5 23.Be3 Bxe3 24.Rxe3 Rac8 25.Rc3 f5 26.Bd5+ Kh8 27.Qe3 Qc7 28.
Bf3 f4 29.Qe6 fxg3 30.hxg3 Qb6 31.Rd7 Rf6 32.Qe7 Rg6 33.Kg2 1-0

[Event "23rd EUR-ch"]
[Site "Vrnjacka Banja SRB"]
[Date "2023.03.08"]
[Round "6.147"]
[White "Baglan, Esat"]
[Black "Yonal, Timur"]
[Result "1/2-1/2"]
[WhiteElo "2363"]
[BlackElo "1859"]
[EventDate "2023.03.03"]
[PlyCount "133"]

1.e4 e5 2.Nf3 Nc6 3.d4 exd4 4.Nxd4 Bc5 5.Nb3 Bb6 6.Nc3 Qf6 7.Qe2 Nge7 8.
Be3 O-O 9.O-O-O Bxe3+ 10.Qxe3 a5 11.Nd4 Nxd4 12.Qxd4 Qc6 13.Bc4 a4 14.a3 
Ra5 15.f4 d6 16.Rhe1 Be6 17.Be2 f6 18.Bf3 Qd7 19.Nd5 Nc6 20.Qf2 Qf7 21.h4 
Rb8 22.h5 h6 23.Qg3 Rc5 24.Kb1 Na5 25.Qg6 Nc4 26.Rd4 Ra8 27.Be2 b5 28.Bd3 
Qxg6 29.hxg6 Re8 30.Bxc4 bxc4 31.Nc3 Bd7 32.Re2 f5 33.e5 Kf8 34.exd6 Rxe2 
35.Nxe2 cxd6 36.Rxd6 Ke7 37.Ra6 Rd5 38.Nc3 Rd2 39.g3 h5 40.Kc1 Rd6 41.Rxd6
Kxd6 42.Nd1 Kd5 43.Kd2 Ke4 44.Ke2 Bc8 45.Kf2 Kd4 46.Ne3 Be6 47.Nd1 Ke4 48.
Nc3+ Kd4 49.Ke2 Bd7 50.Nd1 Be8 51.c3+ Kc5 52.Ne3 Bxg6 53.Kf3 h4 54.gxh4 
Bh5+ 55.Kf2 g6 56.Nc2 Kd5 57.Ke3 Kc5 58.Nd4 Kd5 59.Nb5 Kc6 60.Nd4+ Kd5 61.
Nc2 Kc5 62.Nb4 Bd1 63.Na6+ Kb6 64.Nb4 Kc5 65.Kd2 Bh5 66.Nc2 Kd5 67.Nd4 
1/2-1/2

[Event "23rd EUR-ch"]
[Site "Vrnjacka Banja SRB"]
[Date "2023.03.08"]
[Round "6.148"]
[White "Peric, Slavisa"]
[Black "Damjanovic, Vuk"]
[Result "0-1"]
[WhiteElo "1980"]
[BlackElo "2361"]
[EventDate "2023.03.03"]
[PlyCount "72"]

1.d4 Nf6 2.Nf3 c5 3.e3 g6 4.c4 Bg7 5.Be2 O-O 6.O-O Nc6 7.d5 Na5 8.Bd2 Ne4 
9.Qc2 Nxd2 10.Nfxd2 d6 11.Nc3 e5 12.a3 b6 13.b4 Nb7 14.Nb3 Bf5 15.Bd3 Bd7 
16.b5 f5 17.f4 Qf6 18.Rac1 a6 19.Na4 Qd8 20.Nd2 Qc7 21.Nb1 Rfe8 22.Nac3 
axb5 23.Nxb5 Bxb5 24.cxb5 exf4 25.exf4 Qe7 26.g3 Qf6 27.Kg2 Re3 28.Rfe1 
Rae8 29.Rxe3 Rxe3 30.Rd1 Na5 31.Kh3 Qd4 32.Be2 Qxf4 33.Rd3 Qe4 34.Rd2 Qe5 
35.Bf1 f4 36.Re2 Qh5+ 0-1

[Event "23rd EUR-ch"]
[Site "Vrnjacka Banja SRB"]
[Date "2023.03.08"]
[Round "6.149"]
[White "Samani, Yamac"]
[Black "Shadyev, Damir"]
[Result "1-0"]
[WhiteElo "2357"]
[BlackElo "1712"]
[EventDate "2023.03.03"]
[PlyCount "65"]

1.d4 Nf6 2.c4 g6 3.Nc3 Bg7 4.e4 d6 5.h3 O-O 6.Be3 c5 7.d5 Na6 8.Nf3 Nc7 9.
Bd3 a6 10.a4 Rb8 11.O-O Bd7 12.e5 Nfe8 13.Qe2 b6 14.Bf4 dxe5 15.Nxe5 Nd6 
16.Rfe1 Re8 17.Qf3 Rb7 18.g4 b5 19.axb5 axb5 20.cxb5 Bxe5 21.Bxe5 Ncxb5 
22.Bxb5 Bxb5 23.Bxd6 exd6 24.Rxe8+ Qxe8 25.Ne4 Qe5 26.Ra8+ Kg7 27.g5 f5 
28.gxf6+ Kf7 29.h4 h6 30.Rh8 Ba6 31.Rxh6 Rxb2 32.Ng5+ Ke8 33.Qe4 1-0

[Event "23rd EUR-ch"]
[Site "Vrnjacka Banja SRB"]
[Date "2023.03.08"]
[Round "6.150"]
[White "Vasilkov, Nikolai"]
[Black "Pajeken, Jakob Leon"]
[Result "0-1"]
[WhiteElo "1931"]
[BlackElo "2465"]
[EventDate "2023.03.03"]
[PlyCount "78"]

1.e4 e5 2.Nf3 Nc6 3.Bb5 a6 4.Ba4 Be7 5.O-O Nf6 6.Re1 b5 7.Bb3 O-O 8.a4 Bb7
9.d3 d6 10.Nbd2 Na5 11.Ba2 c5 12.Nf1 Bc8 13.Ng3 Be6 14.Bd2 b4 15.Bxe6 fxe6
16.c3 bxc3 17.bxc3 Rb8 18.Rb1 Nd7 19.Qc2 Qc7 20.Qa2 c4 21.d4 Nb3 22.Be3 
exd4 23.cxd4 d5 24.exd5 exd5 25.Nh5 Nf6 26.Nf4 Qd7 27.Qc2 Ng4 28.h3 Nxe3 
29.fxe3 Qd6 30.Ne5 Nxd4 31.exd4 Rxb1 32.Qxb1 Rxf4 33.Qb7 Bh4 34.Rb1 Bf2+ 
35.Kh1 Bxd4 36.Nc6 Bc5 37.Re1 Qf8 38.Kh2 Rf2 39.Qd7 Rxg2+ 0-1

[Event "23rd EUR-ch"]
[Site "Vrnjacka Banja SRB"]
[Date "2023.03.08"]
[Round "6.151"]
[White "Pajcin, Lav"]
[Black "Braun, Christian"]
[Result "1-0"]
[WhiteElo "2221"]
[BlackElo "2449"]
[EventDate "2023.03.03"]
[PlyCount "67"]

1.e4 e6 2.d4 d5 3.Nc3 Nc6 4.Nf3 Nf6 5.e5 Ne4 6.g3 f6 7.Bb5 Nxc3 8.bxc3 Bd7
9.exf6 gxf6 10.Ng5 h5 11.Qd3 Rg8 12.Qh7 Rxg5 13.Bxg5 fxg5 14.Qxh5+ Ke7 15.
Qxg5+ Kf7 16.Qh5+ Kg8 17.O-O Qf6 18.f4 Be8 19.Qe2 Bg6 20.Bd3 Ne7 21.Rae1 
Bf7 22.g4 c5 23.g5 Qg7 24.dxc5 Nf5 25.Kh1 Qg6 26.Rf3 Bxc5 27.Rh3 Qg7 28.g6
Qxg6 29.Qe5 Qg7 30.Bxf5 Qxe5 31.Bh7+ Kf8 32.fxe5 Ke7 33.Bd3 Rg8 34.Rh7 1-0

[Event "23rd EUR-ch"]
[Site "Vrnjacka Banja SRB"]
[Date "2023.03.08"]
[Round "6.152"]
[White "Stalmach, Richard"]
[Black "Stankovic, Boris"]
[Result "1-0"]
[WhiteElo "2436"]
[BlackElo "2208"]
[EventDate "2023.03.03"]
[PlyCount "97"]

1.d4 Nf6 2.c4 e6 3.Nc3 d5 4.cxd5 Nxd5 5.e4 Nxc3 6.bxc3 c5 7.Rb1 cxd4 8.
cxd4 Be7 9.Nf3 O-O 10.Be2 b6 11.O-O Bb7 12.Qd3 Nd7 13.Qe3 Rc8 14.Bb2 h6 
15.Bd3 Qc7 16.Rbd1 Rfd8 17.Rfe1 Bd6 18.a3 Nf8 19.h4 Ng6 20.h5 Bf4 21.Qe2 
Nf8 22.g3 Bd6 23.Nh4 Be7 24.Qg4 Bxh4 25.gxh4 e5 26.d5 Nd7 27.Qf5 Qd6 28.
Re3 Qf6 29.Qg4 Rc5 30.Rf3 Qe7 31.a4 Bc8 32.Rg3 Qf6 33.f4 Nf8 34.f5 Ra5 35.
Ba3 Re8 36.Kh1 Rxa4 37.Rdg1 g6 38.hxg6 fxg6 39.Bb5 Bxf5 40.Qxf5 Qxf5 41.
exf5 Rxh4+ 42.Kg2 Rc8 43.Bc6 g5 44.Re1 e4 45.Rc3 Rg4+ 46.Kh3 Rf4 47.d6 Rd8
48.Bd5+ Kg7 49.Bb2 1-0

[Event "23rd EUR-ch"]
[Site "Vrnjacka Banja SRB"]
[Date "2023.03.08"]
[Round "6.153"]
[White "Starcevic, Ante Leon"]
[Black "Iliaguev, Nisim"]
[Result "0-1"]
[WhiteElo "2202"]
[BlackElo "2412"]
[EventDate "2023.03.03"]
[PlyCount "50"]

1.d4 Nf6 2.Nf3 e6 3.Bf4 d5 4.e3 Bd6 5.Bg3 O-O 6.Nbd2 c5 7.c3 b6 8.Bd3 Bb7 
9.Qb1 Nc6 10.Ne5 h6 11.f4 cxd4 12.exd4 Nh5 13.Qd1 Nxg3 14.hxg3 Bxe5 15.
dxe5 f5 16.g4 d4 17.Bc4 dxc3 18.bxc3 Qe7 19.gxf5 Rxf5 20.Qg4 Kh8 21.O-O-O 
Qf7 22.Rh4 Ne7 23.Rdh1 Ng6 24.Bd3 Nxh4 25.Rxh4 Rf8 0-1

[Event "23rd EUR-ch"]
[Site "Vrnjacka Banja SRB"]
[Date "2023.03.08"]
[Round "6.154"]
[White "Han, Yichen"]
[Black "Glienke, Manfred"]
[Result "1-0"]
[WhiteElo "2405"]
[BlackElo "2201"]
[EventDate "2023.03.03"]
[PlyCount "37"]

1.d4 Nf6 2.c4 e6 3.g3 d5 4.Bg2 Bb4+ 5.Nd2 O-O 6.Nf3 dxc4 7.Qc2 b5 8.a4 
bxa4 9.Ne5 Nd5 10.O-O a5 11.Ndxc4 Qe7 12.Qxa4 f6 13.Nd3 Nd7 14.Qb3 c5 15.
e4 Nc7 16.d5 a4 17.Qa2 Nb5 18.dxe6 Nb8 19.Ne3 1-0

[Event "23rd EUR-ch"]
[Site "Vrnjacka Banja SRB"]
[Date "2023.03.08"]
[Round "6.155"]
[White "Pap, Misa"]
[Black "Valiev, Shahin"]
[Result "1/2-1/2"]
[WhiteElo "2403"]
[BlackElo "2201"]
[EventDate "2023.03.03"]
[PlyCount "51"]

1.e4 c5 2.c3 Nf6 3.e5 Nd5 4.Nf3 d6 5.d4 cxd4 6.cxd4 Nc6 7.Bc4 Nb6 8.Bb5 
dxe5 9.Nxe5 Bd7 10.Nxd7 Qxd7 11.O-O e6 12.Nc3 Rd8 13.a4 Nd5 14.Qb3 Be7 15.
Be3 O-O 16.Rac1 Nxe3 17.fxe3 a6 18.Bxc6 Qxc6 19.Ne2 Qd7 20.Rc4 Rc8 21.Rfc1
Bg5 22.Kf2 Rxc4 23.Rxc4 Qd6 24.g3 Qd5 25.h4 Qf5+ 26.Ke1 1/2-1/2

[Event "23rd EUR-ch"]
[Site "Vrnjacka Banja SRB"]
[Date "2023.03.08"]
[Round "6.156"]
[White "Popovic, Milan S."]
[Black "Bashirov, Kemal"]
[Result "1-0"]
[WhiteElo "2393"]
[BlackElo "2188"]
[EventDate "2023.03.03"]
[PlyCount "59"]

1.e4 c5 2.Nc3 d6 3.Bb5+ Bd7 4.Bxd7+ Nxd7 5.d3 e6 6.f4 Be7 7.Nf3 Ngf6 8.O-O
Qc7 9.Bd2 e5 10.fxe5 dxe5 11.Bg5 O-O-O 12.Nd2 Nb6 13.a4 a5 14.Bxf6 Bxf6 
15.Qe2 Qd7 16.Rfd1 Qd4+ 17.Kh1 Qb4 18.Rdb1 Kb8 19.Na2 Qxa4 20.b3 Qc6 21.
Nc3 Kc7 22.Rxa5 Rc8 23.Rb5 Ra8 24.Nc4 Nd7 25.Na5 Rxa5 26.Rxa5 Kd6 27.Nd5 
h6 28.c4 Rb8 29.Qa2 Nb6 30.b4 1-0

[Event "23rd EUR-ch"]
[Site "Vrnjacka Banja SRB"]
[Date "2023.03.08"]
[Round "6.157"]
[White "Sgircea, Silvia-Raluca"]
[Black "Kanov, Nikola"]
[Result "1-0"]
[WhiteElo "2214"]
[BlackElo "2392"]
[EventDate "2023.03.03"]
[PlyCount "89"]

1.d4 d5 2.c4 dxc4 3.Nf3 Nf6 4.e3 e6 5.Bxc4 c5 6.O-O a6 7.Be2 Nbd7 8.b3 b6 
9.Bb2 Bb7 10.Nbd2 Be7 11.Rc1 O-O 12.Qc2 Rc8 13.Qb1 b5 14.Rfd1 Qb6 15.Ng5 
h6 16.Nge4 Nxe4 17.Nxe4 c4 18.bxc4 bxc4 19.Nd2 Rb8 20.Nxc4 Qb5 21.Bf1 Bd5 
22.Ba1 Rfc8 23.Qd3 Qa4 24.Nb2 Qxa2 25.Rxc8+ Rxc8 26.Qxa6 Ra8 27.Qxa2 Rxa2 
28.Nd3 g6 29.Bc3 Ra3 30.Be1 Kg7 31.Nf4 Bb3 32.Rc1 Bd6 33.Ne2 Ra7 34.Nc3 
Rc7 35.Rb1 Bc4 36.Nb5 Bxb5 37.Bxb5 Nf6 38.Bd3 g5 39.g3 Be7 40.Kf1 g4 41.
Bd2 Rd7 42.Ke2 h5 43.Rb5 Ra7 44.Rg5+ Kf8 45.Rb5 1-0

[Event "23rd EUR-ch"]
[Site "Vrnjacka Banja SRB"]
[Date "2023.03.08"]
[Round "6.158"]
[White "Barseghian, Armen Ar."]
[Black "Zlatkov, Anton"]
[Result "1-0"]
[WhiteElo "2382"]
[BlackElo "2174"]
[EventDate "2023.03.03"]
[PlyCount "67"]

1.d4 Nf6 2.Nf3 g6 3.g3 Bg7 4.Bg2 O-O 5.O-O d6 6.Nc3 Nbd7 7.e4 e5 8.a4 Re8 
9.Re1 c6 10.h3 a5 11.Be3 exd4 12.Bxd4 Qc7 13.Nd2 h5 14.Nc4 h4 15.g4 Ne5 
16.Bb6 Qd7 17.Nxd6 Re6 18.Nxc8 Rxc8 19.Be3 Nc4 20.Bc1 Qe7 21.Bf1 Nd6 22.f3
Rd8 23.Bd3 Nd5 24.Ne2 Nb4 25.Nf4 Re5 26.Qe2 Qe8 27.c3 Nxd3 28.Nxd3 Re6 29.
Bg5 Bf6 30.Bxf6 Rxf6 31.Rad1 Re6 32.Qf2 g5 33.Qc5 b5 34.b3 1-0

[Event "23rd EUR-ch"]
[Site "Vrnjacka Banja SRB"]
[Date "2023.03.08"]
[Round "6.159"]
[White "Bournel, Antoine"]
[Black "Stoinev, Metodi"]
[Result "0-1"]
[WhiteElo "2377"]
[BlackElo "2159"]
[EventDate "2023.03.03"]
[PlyCount "104"]

1.d4 d5 2.c4 e6 3.Nc3 Nf6 4.Nf3 Nbd7 5.Bf4 dxc4 6.e3 Nd5 7.Bxc4 Nxf4 8.
exf4 Nb6 9.Bb3 g6 10.h4 Bg7 11.h5 Bd7 12.h6 Bf6 13.O-O Bc6 14.g3 O-O 15.
Re1 Bxf3 16.Qxf3 c6 17.Rad1 Nd5 18.Ne4 Bh8 19.Nc5 Rb8 20.Re2 Re8 21.Qd3 
Qd6 22.Ne4 Qf8 23.Kg2 Qxh6 24.Ng5 Qg7 25.Rh1 Qxd4 26.Qf3 h5 27.Rd1 Qf6 28.
Ne4 Qd8 29.Ng5 Bf6 30.Ne4 Bg7 31.Ng5 Qd6 32.Rde1 Rf8 33.Ne4 Qc7 34.Ng5 
Rbd8 35.Rh1 Rd7 36.Bc2 Re7 37.Bb3 Rd8 38.Rhe1 Rde8 39.Bc2 Bf6 40.Ne4 Bxb2 
41.Rh1 Bg7 42.Ng5 c5 43.Nxf7 Rxf7 44.Bxg6 Nf6 45.Re5 Rc8 46.Rxe6 Re7 47.
Rxf6 Bxf6 48.Qxh5 Qc6+ 49.Kg1 Rd8 50.Bc2 Rde8 51.Qg6+ Kf8 52.Be4 Rxe4 0-1

[Event "23rd EUR-ch"]
[Site "Vrnjacka Banja SRB"]
[Date "2023.03.08"]
[Round "6.160"]
[White "Aizenberg, Benny"]
[Black "Voiteanu, Gabriel"]
[Result "1/2-1/2"]
[WhiteElo "2367"]
[BlackElo "2155"]
[EventDate "2023.03.03"]
[PlyCount "100"]

1.e4 e5 2.Nf3 Nc6 3.Bb5 a6 4.Ba4 Nf6 5.O-O Be7 6.Re1 b5 7.Bb3 d6 8.c3 O-O 
9.h3 Nb8 10.d4 Nbd7 11.c4 Bb7 12.Nc3 c5 13.dxe5 Nxe5 14.Nxe5 dxe5 15.Qxd8 
Rfxd8 16.cxb5 axb5 17.Nxb5 Nxe4 18.Bc2 Nd6 19.Nc3 e4 20.Bf4 f5 21.Rad1 g5 
22.Be3 Nf7 23.Bb3 Kf8 24.Nd5 Bxd5 25.Bxd5 Ra6 26.Bb3 Rxd1 27.Rxd1 f4 28.
Bc1 Ne5 29.Bc2 Nd3 30.Bxd3 exd3 31.Rxd3 Rxa2 32.Rc3 Ra1 33.Kh2 Bd6 34.f3 
Kf7 35.h4 gxh4 36.Kh3 Ke6 37.Kg4 Rb1 38.Rc2 Kd5 39.Bxf4 Bxf4 40.Kxf4 c4 
41.Rd2+ Kc5 42.Kg4 Rh1 43.Rd8 Rh2 44.Rb8 Kd4 45.f4 Rxg2+ 46.Kxh4 Ke4 47.
Rb4 Kf5 48.Rxc4 Rxb2 49.Kg3 Rb3+ 50.Kh4 Rf3 1/2-1/2

[Event "23rd EUR-ch"]
[Site "Vrnjacka Banja SRB"]
[Date "2023.03.08"]
[Round "6.161"]
[White "Fitzsimons, David"]
[Black "Lazic, Ljubisa"]
[Result "1-0"]
[WhiteElo "2338"]
[BlackElo "2138"]
[EventDate "2023.03.03"]
[PlyCount "89"]

1.e4 c6 2.d4 d6 3.Nc3 g6 4.Be3 Bg7 5.Qd2 d5 6.Nf3 Bg4 7.Ne5 Bxe5 8.dxe5 
dxe4 9.Qxd8+ Kxd8 10.Nxe4 Nd7 11.Bd4 f6 12.f4 Be6 13.O-O-O Kc7 14.h3 Bd5 
15.Bd3 Bxe4 16.Bxe4 Nh6 17.Bd3 fxe5 18.fxe5 e6 19.Bc4 Rae8 20.Rhf1 b5 21.
Be2 Nf5 22.Bf2 Rhf8 23.g4 Ne7 24.Bxa7 Nd5 25.Rxf8 Rxf8 26.Bd4 Nf4 27.Bf1 
g5 28.a3 h5 29.c4 bxc4 30.Bxc4 hxg4 31.hxg4 Rh8 32.Bc3 Rh4 33.Ba5+ Nb6 34.
Rg1 Kb7 35.Bf1 Nbd5 36.Bd8 Rh2 37.Bxg5 Ng6 38.Bf6 Rf2 39.g5 Ne3 40.Bd3 Nf4
41.Bh7 Ne2+ 42.Kd2 Nxg1+ 43.Kxe3 Re2+ 44.Kd3 Rg2 45.g6 1-0

[Event "23rd EUR-ch"]
[Site "Vrnjacka Banja SRB"]
[Date "2023.03.08"]
[Round "6.162"]
[White "Adan Bermudez, Sergio"]
[Black "Korelsky, Egor"]
[Result "1-0"]
[WhiteElo "2338"]
[BlackElo "2127"]
[EventDate "2023.03.03"]
[PlyCount "91"]

1.Nf3 d5 2.e3 Nf6 3.c4 e6 4.b3 Be7 5.Bb2 O-O 6.Nc3 b6 7.g3 Bb7 8.Bg2 Nbd7 
9.O-O a6 10.Ne1 b5 11.cxb5 axb5 12.Nxb5 Ba6 13.a4 c6 14.Nd4 Qb6 15.d3 Rab8
16.Ba3 Bxa3 17.Rxa3 Rfc8 18.Ndc2 c5 19.Nf3 Qa7 20.Re1 Rb6 21.d4 Rbb8 22.
Bf1 Bxf1 23.Rxf1 Ne4 24.Qa1 Qa6 25.dxc5 Rxc5 26.Ncd4 e5 27.Nb5 Qf6 28.Kg2 
g5 29.b4 Rc2 30.Ra2 Rbc8 31.h3 h5 32.Qb1 R2c4 33.Nd2 Nxd2 34.Rxd2 g4 35.
hxg4 hxg4 36.Qd1 Kg7 37.Rxd5 Qg6 38.Nd6 Rh8 39.Nxc4 Nf6 40.Rxe5 Ne4 41.Qd4
Nf6 42.Nd6 Qh7 43.Nf5+ Kg6 44.Nh4+ Kg7 45.Rg5+ Kf8 46.Qd6+ 1-0

[Event "23rd EUR-ch"]
[Site "Vrnjacka Banja SRB"]
[Date "2023.03.08"]
[Round "6.164"]
[White "Yurtseven, Melih"]
[Black "Giacomini, Hector"]
[Result "1-0"]
[WhiteElo "2327"]
[BlackElo "2121"]
[EventDate "2023.03.03"]
[PlyCount "95"]

1.d4 d5 2.c4 e6 3.Nf3 Nf6 4.g3 dxc4 5.Qa4+ Nbd7 6.Bg2 a6 7.Qxc4 b5 8.Qc2 
Bb7 9.O-O c5 10.Be3 Rc8 11.Qd2 Qb6 12.Nc3 cxd4 13.Bxd4 Bc5 14.Rfd1 O-O 15.
Bxc5 Nxc5 16.Qd6 Qxd6 17.Rxd6 b4 18.Nd1 Rfd8 19.Rxd8+ Rxd8 20.Rc1 Kf8 21.
Ne5 Bxg2 22.Kxg2 Rd2 23.Rxc5 Rxd1 24.Nd3 Nd5 25.Ra5 Rd2 26.Kf3 g5 27.g4 
Nf4 28.Nxf4 gxf4 29.b3 Rd6 30.Kxf4 Kg7 31.Ra4 Rb6 32.Ke4 Kg6 33.h4 f6 34.
Kd4 Rd6+ 35.Kc5 Rd2 36.Rxa6 Rxe2 37.Kxb4 Rxf2 38.a4 Rf4+ 39.Kc5 Rxg4 40.
Rxe6 Kf5 41.Re1 h5 42.a5 Rxh4 43.b4 Rg4 44.a6 h4 45.a7 Rg8 46.b5 h3 47.b6 
h2 48.Rh1 1-0

[Event "23rd EUR-ch"]
[Site "Vrnjacka Banja SRB"]
[Date "2023.03.08"]
[Round "6.165"]
[White "Manukian, Sargis A."]
[Black "Filip, Andrei"]
[Result "1/2-1/2"]
[WhiteElo "2163"]
[BlackElo "2325"]
[EventDate "2023.03.03"]
[PlyCount "60"]

1.d4 Nf6 2.c4 c5 3.d5 b5 4.cxb5 a6 5.bxa6 g6 6.Nc3 Bg7 7.Nf3 O-O 8.g3 d6 
9.Bg2 Nbd7 10.O-O Nb6 11.Nh4 Bxa6 12.Rb1 Ra7 13.b3 Qa8 14.a4 Rb8 15.Re1 
Rab7 16.Qc2 Nbd7 17.Na2 Rb6 18.Bd2 Bb7 19.e4 Ne8 20.Bh3 Ndf6 21.b4 cxb4 
22.Nxb4 Bc8 23.Bxc8 Rxc8 24.Nc6 Rbxc6 25.dxc6 Rxc6 26.Qb3 Ra6 27.Qb7 Rxa4 
28.e5 dxe5 29.Qxa8 Rxa8 30.Rxe5 e6 1/2-1/2

[Event "23rd EUR-ch"]
[Site "Vrnjacka Banja SRB"]
[Date "2023.03.08"]
[Round "6.166"]
[White "Gikas, Andreas Basilius"]
[Black "Jocev, Milan"]
[Result "0-1"]
[WhiteElo "2157"]
[BlackElo "2315"]
[EventDate "2023.03.03"]
[PlyCount "112"]

1.e4 e5 2.Nf3 Nc6 3.Nc3 Nf6 4.Bb5 Nd4 5.Nxd4 exd4 6.e5 dxc3 7.exf6 Qxf6 8.
dxc3 Qe5+ 9.Qe2 Qxe2+ 10.Bxe2 Be7 11.Be3 d6 12.O-O-O Be6 13.Bf3 O-O-O 14.
Kb1 Bf6 15.Rhe1 Rhe8 16.a3 a6 17.Bd4 Bxd4 18.cxd4 Bf5 19.Kc1 c6 20.Rxe8 
Rxe8 21.Kd2 Kd7 22.c3 a5 23.Re1 Rxe1 24.Kxe1 Bd3 25.Kd2 Bc4 26.Ke3 Ke6 27.
g3 h6 28.h4 g5 29.hxg5 hxg5 30.Bg4+ f5 31.Bd1 d5 32.f4 g4 33.Be2 Bxe2 34.
Kxe2 a4 35.Kd3 Kd6 36.Kc2 c5 37.b3 axb3+ 38.Kxb3 Kc6 39.a4 Kb6 40.c4 cxd4 
41.cxd5 Kc5 42.d6 Kxd6 43.Kc4 d3 44.Kxd3 Kd5 45.a5 Kc5 46.Kc3 Kb5 47.Kd4 
Kxa5 48.Ke5 b5 49.Kxf5 b4 50.Kxg4 b3 51.f5 b2 52.Kg5 b1=Q 53.g4 Qe4 54.f6 
Qh7 55.Kf4 Kb6 56.Ke5 Kc7 0-1

[Event "23rd EUR-ch"]
[Site "Vrnjacka Banja SRB"]
[Date "2023.03.08"]
[Round "6.167"]
[White "Bodiroga, Predrag"]
[Black "Todev, Simeon"]
[Result "1-0"]
[WhiteElo "2314"]
[BlackElo "2119"]
[EventDate "2023.03.03"]
[PlyCount "65"]

1.d4 Nf6 2.c4 e6 3.Nf3 d5 4.e3 Be7 5.Bd3 O-O 6.b3 b6 7.O-O c5 8.Bb2 Bb7 9.
Qe2 Nbd7 10.Nc3 Rc8 11.Rad1 Qc7 12.Ne5 Nxe5 13.dxe5 Ne4 14.Bxe4 dxe4 15.
Nb5 Qb8 16.Rd7 Rfe8 17.Rd2 Red8 18.Nd6 Rc7 19.Qh5 g6 20.Qg4 Rcd7 21.Rfd1 
Qa8 22.Qf4 Bf8 23.h4 h5 24.g4 hxg4 25.h5 f5 26.exf6 Bxd6 27.Rxd6 Rxd6 28.
f7+ Kf8 29.Rxd6 Rxd6 30.Qxd6+ Kxf7 31.Qd7+ Kf8 32.Qg7+ Ke8 33.Bf6 1-0

[Event "23rd EUR-ch"]
[Site "Vrnjacka Banja SRB"]
[Date "2023.03.08"]
[Round "6.168"]
[White "Gombocz, Ferenc jr"]
[Black "Simonovic, Miroslav"]
[Result "1/2-1/2"]
[WhiteElo "2311"]
[BlackElo "2115"]
[EventDate "2023.03.03"]
[PlyCount "35"]

1.c4 c5 2.g3 Nc6 3.Bg2 g6 4.Nc3 Bg7 5.Nf3 e6 6.O-O Nge7 7.e3 d5 8.cxd5 
Nxd5 9.Nxd5 exd5 10.d4 cxd4 11.Nxd4 Nxd4 12.exd4 O-O 13.Be3 Be6 14.Qb3 Qd7
15.Rfc1 Rfc8 16.Bf1 Rxc1 17.Rxc1 Rc8 18.Rxc8+ 1/2-1/2

[Event "23rd EUR-ch"]
[Site "Vrnjacka Banja SRB"]
[Date "2023.03.08"]
[Round "6.170"]
[White "Demir, Baran"]
[Black "Denishev, Marat"]
[Result "0-1"]
[WhiteElo "2122"]
[BlackElo "2303"]
[EventDate "2023.03.03"]
[PlyCount "92"]

1.d4 d5 2.Nf3 Nf6 3.c3 e6 4.Bf4 Bd6 5.e3 O-O 6.Nbd2 c5 7.Bd3 b6 8.Qe2 Bb7 
9.Ne5 Qc7 10.Bg3 Nbd7 11.f4 Ne4 12.Nxe4 dxe4 13.Bc4 Nf6 14.O-O Nd5 15.Bb3 
f6 16.Qg4 Qe7 17.Nc4 Bc7 18.dxc5 f5 19.Qe2 Qxc5 20.Rfd1 Nxf4 21.Bxf4 Bxf4 
22.Rd4 Bc7 23.Rad1 Bd5 24.Na5 Rad8 25.Rxd5 exd5 26.Nb7 Bxh2+ 27.Kh1 Qe7 
28.Nxd8 Qh4 29.Bxd5+ Kh8 30.g3 Bxg3+ 31.Kg1 Rxd8 32.Rd2 Be5 33.Qf2 Qg5+ 
34.Kf1 h5 35.Be6 Re8 36.Bd7 Rf8 37.Qg2 Qxe3 38.Rd5 Qc1+ 39.Ke2 Qxb2+ 40.
Rd2 Qxc3 41.Qh1 g6 42.Be6 Bf4 43.Rd7 Qe3+ 44.Kf1 Bg3 45.Kg2 Qf3+ 46.Kg1 
Qf2# 0-1

[Event "23rd EUR-ch"]
[Site "Vrnjacka Banja SRB"]
[Date "2023.03.08"]
[Round "6.171"]
[White "Shohat, Yotam"]
[Black "Roebers, Jan"]
[Result "1-0"]
[WhiteElo "2302"]
[BlackElo "2113"]
[EventDate "2023.03.03"]
[PlyCount "67"]

1.e4 e5 2.Nf3 Nc6 3.Bb5 a6 4.Ba4 Nf6 5.O-O Be7 6.Re1 b5 7.Bb3 O-O 8.a4 b4 
9.d3 d6 10.Nbd2 Na5 11.Ba2 c5 12.c3 Rb8 13.Nf1 h6 14.Ng3 Re8 15.d4 cxd4 
16.cxd4 b3 17.Bb1 exd4 18.Nxd4 Bf8 19.Bd2 Bg4 20.f3 Be6 21.Bc3 Rc8 22.Qd2 
Nc4 23.Qf2 Ne5 24.h3 Bc4 25.Ngf5 g6 26.Ne3 Nd3 27.Bxd3 Bxd3 28.Rad1 Bc4 
29.Kh1 Qc7 30.Ndf5 Nd7 31.Nxc4 gxf5 32.Qg3+ Kh7 33.Nxd6 fxe4 34.Qg4 1-0

[Event "23rd EUR-ch"]
[Site "Vrnjacka Banja SRB"]
[Date "2023.03.08"]
[Round "6.172"]
[White "Medancic, Rikard"]
[Black "Spasic, Petar"]
[Result "0-1"]
[WhiteElo "2139"]
[BlackElo "2298"]
[EventDate "2023.03.03"]
[PlyCount "39"]

1.d4 Nf6 2.Bg5 d5 3.Nd2 g6 4.e3 Bg7 5.Ngf3 O-O 6.Be2 c5 7.c3 b6 8.O-O Nc6 
9.a4 Bb7 10.h3 Nd7 11.Qb3 c4 12.Qc2 h6 13.Bh4 f5 14.Rfe1 Kh8 15.Bg3 g5 16.
Nh2 h5 17.Be5 Ncxe5 18.dxe5 Bxe5 19.Ndf3 Bc7 20.Nd4 0-1

[Event "23rd EUR-ch"]
[Site "Vrnjacka Banja SRB"]
[Date "2023.03.08"]
[Round "6.173"]
[White "Ozsac, Samet Harun"]
[Black "Horvat, Damjan"]
[Result "1/2-1/2"]
[WhiteElo "2293"]
[BlackElo "2095"]
[EventDate "2023.03.03"]
[PlyCount "50"]

1.c4 c6 2.Nf3 d5 3.g3 Nf6 4.Bg2 g6 5.b3 Bg7 6.Bb2 O-O 7.Qc2 b6 8.d3 Bb7 9.
O-O e6 10.e4 c5 11.exd5 exd5 12.Ne5 Qc8 13.Nd2 dxc4 14.dxc4 Bxg2 15.Kxg2 
Qb7+ 16.Ndf3 Nc6 17.Rad1 Rad8 18.Nxc6 Qxc6 19.Rxd8 Rxd8 20.Rd1 Rxd1 21.
Qxd1 Nd7 22.Bxg7 Kxg7 23.Kg1 h6 24.Qd3 Qe6 25.Kg2 Qc6 1/2-1/2